Kosmetyki najpopularniejsze rodzaje - Statystyki

Ogólne statystyki
  • Ten quiz został rozwiązany 283 razy
  • Średni wynik to 3 z 7
Statystyki odpowiedzi
Odpowiedź % Poprawnych
Krem
68%
Żel
60%
Szampon
57%
Pomadka
52%
Lakier do włosów
11%
Antyperspirant
10%
Zmywacz
4%
Nie znaleziono quizów pasujących do podanych kryteriów
Rozkład punktacji
Procent ludzi z każdym wynikiem
Percentyl według liczby udzielonych odpowiedzi
Twoja historia wyników
Nie rozwiązałeś tego quizu